000 00629nam a22002177a 4500
003 UA-OsUOA
001 44807
007 ta
008 20070314b un ||||| |||| 00| 0 ukr d
100 _aНаворенский О.
090 _a94(477)
_bН-11
942 _cSA
040 _aUA-OsUOA
_bukr
_cUA-OsUOA
_dUA-OsUOA
245 _aАкція протесту триває
300 _aС.1
955 _a0
041 _aukr
080 _a94(477)
773 0 _w44806
_tГаличина/Колекція Радецького П.М.
_dЛьвів
_d1990
_g35
650 7 _a9 Географія. Біографії. Історія
_2UDC
999 _c330927
_d330927